Statistics for 2-letter Blocks by Country Containing them in any order

Click here to take the quiz!

General Stats

  • This quiz has been taken 304 times
  • The average score is 127 of 178

Answer Stats

__ TYPE-IN % Correct
IT-TI^ER+[AEI]TR[EI]A|^IT - ^ARG[AEI]NTINA|^CROA
100%
IN-NI^ARG[AEI]NTINA|^BENI - ^AFGH?AN[AEI]STAN|^A
100%
MO-OM^([A-Z]+)?CONGO|^DRC - ^COLOMBIA|^COLUMBIA|
100%
DE-ED^BANGL[AEI]DESH|^([A - ^MAC[AEI]DONIA|^FYRO
100%
NU-UN^VAN[UA]+TU - ^BRUN[AE]I|^B[AEIU]R
99%
ET-TE^ETHIOPIA|^(THE)?NET - ^COTEDE?IV[IO]+RE|^(
99%
EN-NE^ARG[AEI]NTINA|^ARME - ^BRUN[AE]I|^EQU[AEI]
98%
AT-TA^CROATIA|^([A-Z]+)?C - ^AFGH?AN[AEI]STAN|^B
98%
AU-UA^AUSTRIA|^G(UI|IU)NE - ^EC(UA|AU)DOR|^EQU[A
98%
GN-NG^ANGOLA|^BANGL[AEI]D -
98%
ER-RE^ALGER[IE]A|^AD?[JZ] - ^(THE)?CENTRALAFRICA
98%
DO-OD^ANDORRA|^ANDORA|^EC - ^CAMBODIA
98%
ES-SE^BANGL[AEI]DESH|^EST - ^SEN[AEI]GAL|^SERBIA
98%
OR-RO^ANDORRA|^ANDORA|^EA - ^CAM[AEIO]ROON|^CROA
98%
DN-ND^ANDORRA|^ANDORA|^BO -
98%
CI-IC^(THE)?(VATICAN|HOLY - ^(THE)?CENTRALAFRICA
98%
RU-UR^BEL[AEI]RUS|^BRUN[A - ^B[EU]RK[EI]+NAFASS?
98%
AZ-ZA^AD?[JZ]ERB[AIE]+D?[ - ^KH?AZ[A-Z]+STAN|^MO
98%
IL-LI^BRA[SZ]IL|^CHILE|^S - ^BELIZE|^BOLIVIA|^(T
98%
AL-LA^ALBANIA|^ALGER[IE]A - ^ANGOLA|^BANGL[AEI]D
98%
AR-RA^ARG[AEI]NTINA|^ARME - ^ANDORRA|^ANDORA|^BR
98%
AN-NA^AFGH?AN[AEI]STAN|^A - ^ARG[AEI]NTINA|^BOSN
98%
AI-IA^AD?[JZ]ERB[AIE]+D?[ - ^ALBANIA|^ALGER[IE]A
98%
IK-KI^TAJ[A-Z]+STAN - ^B[EU]RK[EI]+NAFASS?
98%
EM-ME^([A-Z]+)?CONGO|^DRC - ^ARMENIA|^CAM[AEIO]R
98%
AD-DA^BANGL[AEI]DESH|^CAN - ^CANADA|^JORDAN|^JOR
98%
NO-ON^LEB[AEI]NON|^NORTHK - ^CAM[AEIO]ROON|^([A-
98%
AM-MA^CAMBODIA|^CAM[AEIO] - ^BURMA|^MYANMAR|^DEN
98%
ST-TS^AFGH?AN[AEI]STAN|^A - ^BOTSWANA|^(SAINT|ST
97%
IS-SI^AFGH?AN[AEI]STAN|^G - ^INDONESIA|^MALAYSIA
97%
IR-RI^COTEDE?IV[IO]+RE|^( - ^ALGER[IE]A|^AUSTRIA
97%
AC-CA^MAC[AEI]DONIA|^FYRO - ^CAMBODIA|^CAM[AEIO]
96%
CE-EC^(THE)?CENTRALAFRICA - ^(THE)?CZECHREPUBLIC
96%
AP-PA^(PAP[AU]+)?NEWG(UI| - ^NEPAL|^PAK[AEI]STAN
96%
AB-BA^GABON|^SAUDIARABIA| - ^ALBANIA|^AD?[JZ]ERB
96%
BI-IB^COLOMBIA|^COLUMBIA| - ^DJ[AEI]B(OU|UO|U)TI
96%
EZ-ZE^VEN[AEI]Z(EU|UE)LA - ^AD?[JZ]ERB[AIE]+D?[
95%
EL-LE^BEL[AEI]RUS|^BELG(I - ^CHILE|^LEB[AEI]NON|
95%
CO-OC^COLOMBIA|^COLUMBIA| - ^([A-Z]+)?CONGO|^DRC
95%
HT-TH^L[EI]+[CHT]+ENST(EI - ^([A-Z]+)?CONGO|^DRC
95%
BU-UB^BULGARIA|^B[EU]RK[E - ^(THE)?CENTRALAFRICA
95%
EG-GE^BOSNIA|^EGYPT|^MONT - ^ALGER[IE]A|^ARG[AEI
95%
SU-US^SOUTH(ERN)?SUDAN|^S - ^AUSTRIA|^BEL[AEI]RU
95%
RT-TR^NORTHKOREA|^DPRK|^P - ^AUSTRIA|^(THE)?CENT
95%
TU-UT^PORTUGAL|^TUN[EI]SI - ^BH?UH?TAN|^DJ[AEI]B
95%
GR-RG^GREECE|^MONT[AEI]NE - ^ARG[AEI]NTINA|^GEOR
95%
AH-HA^(THE)?BAHAMAS|^BH?A - ^AFGH?AN[AEI]STAN|^C
95%
BM-MB^CAMBODIA|^COLOMBIA| -
93%
AS-SA^B[EU]RK[EI]+NAFASS? - ^ELSALV[AEI]DOR|^G(U
93%
AG-GA^NIC[AEI]RAGUA|^PAR[ - ^BULGARIA|^GABON|^(T
93%
GU-UG^EQU[AEI]TOR(IA|EA)L - ^PORTUGAL|^UGANDA|^U
93%
CH-HC^CHAD|^CHILE|^CHINA| -
93%
LO-OL^COLOMBIA|^COLUMBIA| - ^ANGOLA|^BOLIVIA|^CO
93%
AE-EA^ISR(AE|EA)L - ^EASTTIMOR|^TIMORLES
92%
IZ-ZI^BELIZE - ^BRA[SZ]IL|^SWAZILAN
92%
EP-PE^(THE)?CENTRALAFRICA - ^PERU|^CAPEVERDE|^CA
92%
EW-WE^(PAP[AU]+)?NEWG(UI| - ^SWEDEN|^ZIMBABWE
91%
IM-MI^EASTTIMOR|^TIMORLES - ^NAMIBIA|^(THE)?UNIT
91%
DI-ID^B[AEIU]RUNDI|^CAMBO - ^TRIN[AEI]DAD
91%
OS-SO^BOSNIA|^COSTARICA|^ - ^B[EU]RK[EI]+NAFASS?
91%
BR-RB^BRA[SZ]IL|^BRUN[AE] - ^AD?[JZ]ERB[AIE]+D?[
91%
NT-TN^ARG[AEI]NTINA|^(THE - ^VIETNAM
91%
HI-IH^CHILE|^CHINA|^PRC|^ -
90%
AJ-JA^TAJ[A-Z]+STAN - ^AD?[JZ]ERB[AIE]+D?[
89%
GO-OG^ANGOLA|^BOSNIA|^([A - ^TOGO
89%
PU-UP^(THE)?CENTRALAFRICA -
89%
OU-UO^DJ[AEI]B(OU|UO|U)TI -
89%
EH-HE^BOSNIA|^([A-Z]+)?CO -
88%
BO-OB^BOLIVIA|^BOSNIA|^BO - ^TRIN[AEI]DAD
88%
AY-YA^MALAYSIA|^NORWAY|^P - ^G[AU]YANA|^KENYA|^L
88%
BL-LB^(THE)?CENTRALAFRICA - ^ALBANIA
87%
IV-VI^BOLIVIA|^COTEDE?IV[ - ^BOLIVIA|^BOSNIA|^LA
87%
KR-RK^UKRAINE|^THEUKRAINE - ^B[EU]RK[EI]+NAFASS?
87%
FR-RF^(THE)?CENTRALAFRICA -
86%
SW-WS^BOTSWANA|^SWAZILAND -
86%
AW-WA^MALAWI - ^BOTSWANA|^KUWAIT|^N
86%
IJ-JI^AD?[JZ]ERB[AIE]+D?[ - ^DJ[AEI]B(OU|UO|U)TI
85%
AV-VA^ELSALV[AEI]DOR|^MOL -
84%
DG-GD^(THE)?(UNITEDKINGDO -
84%
AF-FA^AFGH?AN[AEI]STAN|^( - ^B[EU]RK[EI]+NAFASS?
84%
MR-RM^ARMENIA|^BURMA|^MYA -
82%
AK-KA^KH?AZ[A-Z]+STAN|^PA - ^KH?AZ[A-Z]+STAN|^SR
82%
OT-TO^BOTSWANA|^COTEDE?IV - ^EQU[AEI]TOR(IA|EA)L
82%
EY-YE^TURKEY|^SEYCHEL+ES - ^YEMEN
82%
CN-NC^FRANCE|^(SAINT|ST)V -
82%
DU-UD^(THE)?HONDUR[AEIOU] - ^SAUDIARABIA|^SOUTH(
81%
BE-EB^BEL[AEI]RUS|^BELG(I - ^LEB[AEI]NON
81%
CR-RC^CROATIA|^([A-Z]+)?C -
81%
IU-UI^BELG(IU|UI)M|^M[AOU - ^EQU[AEI]TOR(IA|EA)L
80%
EK-KE^UZBE[CK]+[AEI]STAN - ^KENYA|^TURKEY
80%
SS^G(UI|IU)NEAB[AEI]S+ - ^G(UI|IU)NEAB[AEI]S+
80%
EX-XE^MEXICO - ^LUXEMB[EOU]+RG
80%
OP-PO^ETHIOPIA - ^POLAND|^PORTUGAL|^S
77%
LU-UL^LUXEMB[EOU]+RG|^(SA - ^BULGARIA
76%
GI-IG^BELG(IU|UI)M|^GEORG - ^NIGER|^NIGERIA|^ANT
75%
EV-VE^(SAINT|ST)KITTS - ^SLOVENIA|^VEN[AEI]Z
75%
NY-YN^GERMANY|^KENYA -
74%
GY-YG^EGYPT|^K[IY]RG[A-Z] -
74%
AQ-QA^IRAQ - ^QATAR
73%
HS-SH^KH?AZ[A-Z]+STAN - ^BANGL[AEI]DESH|^(TH
73%
AO-OA^LAOS|^SAOTOME - ^CROATIA|^S[AO]MOA
71%
RY-YR^HUNG[AE]RY - ^K[IY]RG[A-Z]+STAN|^
71%
CU-UC^EC(UA|AU)DOR|^CUBA - ^(SAINT|ST)LUCIA
71%
OV-VO^BOSNIA|^KOSOVO|^MOL - ^COTEDE?IV[IO]+RE|^(
71%
EI-IE^BRUN[AE]I|^L[EI]+[C - ^L[EI]+[CHT]+ENST(EI
70%
FO-OF^([A-Z]+)?CONGO|^DRC -
70%
UZ-ZU^UZBE[CK]+[AEI]STAN - ^VEN[AEI]Z(EU|UE)LA
70%
RW-WR^NORWAY|^R[WU]ANDA -
69%
FI-IF^FINLAND|^FIJI -
69%
LR-RL^(THE)?NETHERLANDS|^ -
67%
KO-OK^KOSOVO|^NORTHKOREA| -
67%
PY-YP^EGYPT|^CYPRUS -
66%
EU-UE^MOZAMBIQUE|^VEN[AEI -
66%
IW-WI^T(AI|IA)WAN|^ROC - ^MALAWI|^SWITZERLAND
65%
GL-LG^BANGL[AEI]DESH - ^ALGER[IE]A|^BELG(IU
64%
HK-KH^KH?AZ[A-Z]+STAN -
63%
BW-WB^ZIMBABWE -
63%
IX-XI^MEXICO -
62%
SZ-ZS^K[IY]RG[A-Z]+STAN -
60%
NS-SN^L[EI]+[CHT]+ENST(EI - ^BOSNIA
60%
GH-HG^AFGH?AN[AEI]STAN|^G -
60%
YZ-ZY^K[IY]RG[A-Z]+STAN -
60%
KY-YK^K[IY]RG[A-Z]+STAN -
60%
LS-SL^SLOVAKIA|^SLOVENIA| -
59%
HU-UH^BH?UH?TAN|^HUNG[AE] -
59%
IP-PI^(THE)?PHIL+[AEI]P+I - ^ETHIOPIA|^(THE)?PHI
58%
PS-SP^SPAIN -
58%
DS-SD^(THE)?NETHERLANDS|^ -
56%
KU-UK^KUWAIT - ^UKRAINE|^THEUKRAINE
54%
BZ-ZB^UZBE[CK]+[AEI]STAN -
53%
QU-UQ^EQU[AEI]TOR(IA|EA)L -
53%
RS-SR^(THE)?MARSHALLISLAN - ^ISR(AE|EA)L|^SRILAN
53%
TZ-ZT^SWITZERLAND -
51%
FG-GF^AFGH?AN[AEI]STAN -
49%
UX-XU^LUXEMB[EOU]+RG -
49%
TY-YT^(THE)?(VATICAN|HOLY -
49%
CZ-ZC^(THE)?CZECHREPUBLIC -
48%
LY-YL^ITALY -
46%
LN-NL^FINLAND -
46%
PR-RP^CYPRUS|^SAOTOME -
46%
CY-YC^CYPRUS - ^SEYCHEL+ES
46%
KM-MK^TURKMEN[AEI]STAN -
44%
RR^ANDORRA|^ANDORA|^SI - ^ANDORRA|^ANDORA|^SI
44%
IO-OI^ETHIOPIA - ^COTEDE?IV[IO]+RE|^(
43%
HO-OH^(THE)?HONDUR[AEIOU] -
43%
PT-TP^EGYPT -
42%
SY-YS^SYRIA - ^MALAYSIA
42%
RZ-ZR^BOSNIA -
41%
DR-RD^JORDAN|^JORDEN|^CAP -
40%
LL^(THE)?MARSHALLISLAN - ^(THE)?MARSHALLISLAN
40%
EE^GREECE - ^GREECE
38%
DJ-JD^DJ[AEI]B(OU|UO|U)TI -
37%
IQ-QI^MOZAMBIQUE -
36%
OZ-ZO^MOZAMBIQUE -
36%
MN-NM^DENMARK -
36%
TT^(SAINT|ST)KITTS - ^(SAINT|ST)KITTS
35%
EF-FE^([A-Z]+)?MICRONESIA -
34%
TV-VT^LATVIA -
33%
EQ-QE^EQU[AEI]TOR(IA|EA)L -
33%
BH-HB^BH?UH?TAN -
33%
MU-UM^BELG(IU|UI)M -
33%
JO-OJ^JORDAN|^JORDEN -
32%
EO-OE^GEORGIA|^SIER+ALEON -
32%
CS-SC^MAD[AEIO]GASCAR -
32%
PP^(THE)?PHIL+[AEI]P+I - ^(THE)?PHIL+[AEI]P+I
32%
UV-VU^TUV[AU]LU -
32%
HP-PH^(THE)?PHIL+[AEI]P+I -
32%
CC^MOR+OC+O - ^MOR+OC+O
31%
DL-LD^MOLDOVA|^(THE)?MAL+ -
29%
BY-YB^LIBYA -
27%
UW-WU^KUWAIT -
26%
NZ-ZN^TANZANIA -
25%
KN-NK^SRILANKA -
25%
UY-YU^G[AU]YANA -
24%
LT-TL^MALTA -
23%
HR-RH^BH?AH?RAIN -
23%
OO^CAM[AEIO]ROON - ^CAM[AEIO]ROON
18%
LV-VL^ELSALV[AEI]DOR -
12%

Score Distribution

Percentile by Number Answered

Percent of People with Each Score

Your Score History

You have not taken this quiz